Every Premier League teams top scorers - Statistics

General Stats
  • This quiz has been taken 45 times
  • The average score is 38 of 60
Answer Stats
Team Goals Nation Answer % Correct
Chelsea 104 ๐Ÿ‡จ๐Ÿ‡ฎ Didier Drogba
97%
Tottenham 213 ๐Ÿด๓ ง๓ ข๓ ฅ๓ ฎ๓ ง๓ ฟ Harry Kane
97%
Manchester City 184 ๐Ÿ‡ฆ๐Ÿ‡ท Sergio Agรผero
97%
Arsenal 175 ๐Ÿ‡ซ๐Ÿ‡ท Thierry Henry
97%
Chelsea 147 ๐Ÿด๓ ง๓ ข๓ ฅ๓ ฎ๓ ง๓ ฟ Frank Lampard
94%
Liverpool 184 ๐Ÿ‡ช๐Ÿ‡ฌ Mohamed Salah
94%
Everton 68 ๐Ÿ‡ง๐Ÿ‡ช Romelu Lukaku
94%
Manchester United 183 ๐Ÿด๓ ง๓ ข๓ ฅ๓ ฎ๓ ง๓ ฟ Wayne Rooney
94%
Manchester City 85 ๐Ÿ‡ณ๐Ÿ‡ด Erling Haaland
92%
Tottenham 127 ๐Ÿ‡ฐ๐Ÿ‡ท Heung-min Son
92%
Manchester United 109 ๐Ÿด๓ ง๓ ข๓ ท๓ ฌ๓ ณ๓ ฟ Ryan Giggs
92%
Liverpool 120 ๐Ÿด๓ ง๓ ข๓ ฅ๓ ฎ๓ ง๓ ฟ Steven Gerrard
92%
Newcastle United 148 ๐Ÿด๓ ง๓ ข๓ ฅ๓ ฎ๓ ง๓ ฟ Alan Shearer
89%
Chelsea 85 ๐Ÿ‡ง๐Ÿ‡ช Eden Hazard
89%
Burnley 49 ๐Ÿ‡ณ๐Ÿ‡ฟ Chris Wood
86%
Nottingham Forest 35 ๐Ÿ‡ณ๐Ÿ‡ฟ Chris Wood
86%
Wolves 40 ๐Ÿ‡ฒ๐Ÿ‡ฝ Raรบl Jimรฉnez
86%
Manchester United 107 ๐Ÿด๓ ง๓ ข๓ ฅ๓ ฎ๓ ง๓ ฟ Paul Scholes
83%
West Ham 68 ๐Ÿ‡ฏ๐Ÿ‡ฒ Michail Antonio
81%
Manchester City 91 ๐Ÿด๓ ง๓ ข๓ ฅ๓ ฎ๓ ง๓ ฟ Raheem Sterling
81%
Arsenal 96 ๐Ÿ‡ณ๐Ÿ‡ฑ Robin van Persie
78%
Brentford 42 ๐Ÿ‡จ๐Ÿ‡ฒ Bryan Mbeumo
75%
Fulham 50 ๐Ÿ‡บ๐Ÿ‡ธ Clint Dempsey
75%
Crystal Palace 68 ๐Ÿ‡จ๐Ÿ‡ฎ Wilfried Zaha
75%
Newcastle United 54 ๐Ÿ‡ธ๐Ÿ‡ช Alexander Isak
72%
Arsenal 104 ๐Ÿด๓ ง๓ ข๓ ฅ๓ ฎ๓ ง๓ ฟ Ian Wright
72%
Aston Villa 75 ๐Ÿด๓ ง๓ ข๓ ฅ๓ ฎ๓ ง๓ ฟ Ollie Watkins
72%
Liverpool 128 ๐Ÿด๓ ง๓ ข๓ ฅ๓ ฎ๓ ง๓ ฟ Robbie Fowler
72%
Wolves 29 ๐Ÿ‡ง๐Ÿ‡ท Matheus Cunha
64%
Brentford 45 ๐Ÿ‡จ๐Ÿ‡ฉ Yoane Wissa
64%
Aston Villa 60 ๐Ÿ‡น๐Ÿ‡น Dwight Yorke
61%
Crystal Palace 38 ๐Ÿ‡ซ๐Ÿ‡ท Jean-Philippe Mateta
61%
Sunderland 34 ๐Ÿด๓ ง๓ ข๓ ฅ๓ ฎ๓ ง๓ ฟ Jermain Defoe
61%
Sunderland 32 ๐Ÿด๓ ง๓ ข๓ ฅ๓ ฎ๓ ง๓ ฟ Darren Bent
58%
AFC Bournemouth 48 ๐Ÿ‡ณ๐Ÿ‡ด Josh King
58%
AFC Bournemouth 41 ๐Ÿด๓ ง๓ ข๓ ฅ๓ ฎ๓ ง๓ ฟ Callum Wilson
56%
Newcastle United 47 ๐Ÿด๓ ง๓ ข๓ ฅ๓ ฎ๓ ง๓ ฟ Callum Wilson
56%
Brentford 36 ๐Ÿด๓ ง๓ ข๓ ฅ๓ ฎ๓ ง๓ ฟ Ivan Toney
56%
Leeds 59 ๐Ÿ‡ฆ๐Ÿ‡บ Mark Viduka
56%
Crystal Palace 35 ๐Ÿ‡ง๐Ÿ‡ช Christian Benteke
53%
Leeds 45 ๐Ÿ‡ฆ๐Ÿ‡บ Harry Kewell
53%
West Ham 56 ๐Ÿด๓ ง๓ ข๓ ฅ๓ ฎ๓ ง๓ ฟ Jarrod Bowen
53%
West Ham 47 ๐Ÿ‡ฎ๐Ÿ‡น Paolo Di Canio
53%
Tottenham 97 ๐Ÿด๓ ง๓ ข๓ ฅ๓ ฎ๓ ง๓ ฟ Teddy Sheringham
53%
Sunderland 61 ๐Ÿด๓ ง๓ ข๓ ฅ๓ ฎ๓ ง๓ ฟ Kevin Phillips
50%
Brighton 33 ๐Ÿด๓ ง๓ ข๓ ฅ๓ ฎ๓ ง๓ ฟ Danny Welbeck
47%
Brighton 30 ๐Ÿ‡ฉ๐Ÿ‡ช Pascal Gross
47%
Wolves 22 ๐Ÿ‡ฐ๐Ÿ‡ท Hee-chan Hwang
44%
Everton 57 ๐Ÿด๓ ง๓ ข๓ ฅ๓ ฎ๓ ง๓ ฟ Dominic Calvert-Lewin
42%
AFC Bournemouth 27 ๐Ÿด๓ ง๓ ข๓ ฅ๓ ฎ๓ ง๓ ฟ Dominic Solanke
42%
Brighton 26 ๐Ÿ‡ซ๐Ÿ‡ท Neal Maupay
39%
Everton 60 ๐Ÿด๓ ง๓ ข๓ ณ๓ ฃ๓ ด๓ ฟ Duncan Ferguson
36%
Burnley 42 ๐Ÿด๓ ง๓ ข๓ ฅ๓ ฎ๓ ง๓ ฟ Ashley Barnes
33%
Fulham 32 ๐Ÿ‡บ๐Ÿ‡ธ Brian McBride
28%
Aston Villa 74 ๐Ÿด๓ ง๓ ข๓ ฅ๓ ฎ๓ ง๓ ฟ Gabby Agbonlahor
28%
Burnley 17 ๐Ÿด๓ ง๓ ข๓ ท๓ ฌ๓ ณ๓ ฟ Sam Vokes
19%
Fulham 32 ๐Ÿ‡ซ๐Ÿ‡ท Steed Malbranque
19%
Nottingham Forest 24 ๐Ÿ‡ณ๐Ÿ‡ฑ Bryan Roy
17%
Nottingham Forest 22 ๐Ÿด๓ ง๓ ข๓ ฅ๓ ฎ๓ ง๓ ฟ Stan Collymore
17%
Leeds 42 ๐Ÿด๓ ง๓ ข๓ ฅ๓ ฎ๓ ง๓ ฟ Rodney Wallace
6%
No matching quizzes found
Score Distribution
Percent of People with Each Score
Percentile by Number Answered
Your Score History
You have not taken this quiz